The policy organization / (Record no. 2261)

000 -LEADER
fixed length control field nam a22 a 4500
003 - CONTROL NUMBER IDENTIFIER
control field AKMAL
005 - DATE AND TIME OF LATEST TRANSACTION
control field 20170515164647.0
008 - FIXED-LENGTH DATA ELEMENTS--GENERAL INFORMATION
fixed length control field 170515t1983 enk 00 eng d
020 ## - INTERNATIONAL STANDARD BOOK NUMBER
International Standard Book Number 0803919123 (pbk.)
-- 0803919131
082 04 - DEWEY DECIMAL CLASSIFICATION NUMBER
Classification number 379.154 MEL
090 00 - LOCALLY ASSIGNED LC-TYPE CALL NUMBER (OCLC); LOCAL CALL NUMBER (RLIN)
Classification number (OCLC) (R) ; Classification number, CALL (RLIN) (NR) 379.154
Local cutter number (OCLC) ; Book number/undivided call number, CALL (RLIN) MEL
100 1# - MAIN ENTRY--PERSONAL NAME
Personal name Meltsner, Arnold J.
9 (RLIN) 4765
245 10 - TITLE STATEMENT
Title The policy organization /
Statement of responsibility, etc. Arnold J.Meltsner and Christopher Bellavita
260 ## - PUBLICATION, DISTRIBUTION, ETC.
Place of publication, distribution, etc. Beverlly Hills :
Name of publisher, distributor, etc. Sage Pub.,
Date of publication, distribution, etc. 1983
300 00 - PHYSICAL DESCRIPTION
Extent 253p. :
Other physical details ill. ;
Dimensions 23cm
500 ## - GENERAL NOTE
General note Includes index
504 ## - BIBLIOGRAPHY, ETC. NOTE
Bibliography, etc. note Bibliography: p.[241-248]
650 #0 - SUBJECT ADDED ENTRY--TOPICAL TERM
Topical term or geographic name entry element State departments of education
General subdivision Case studies.
9 (RLIN) 4766
650 #0 - SUBJECT ADDED ENTRY--TOPICAL TERM
Topical term or geographic name entry element Academic achievement
General subdivision Evaluation
-- Case studies
9 (RLIN) 4767
650 #0 - SUBJECT ADDED ENTRY--TOPICAL TERM
Topical term or geographic name entry element Policy sciences
General subdivision Case studies
9 (RLIN) 4768
700 1# - ADDED ENTRY--PERSONAL NAME
Personal name Bellavita, Christopher
9 (RLIN) 4769
942 ## - ADDED ENTRY ELEMENTS (KOHA)
Source of classification or shelving scheme
Koha item type Book
Holdings
Withdrawn status Lost status Source of classification or shelving scheme Damaged status Not for loan Collection code Home library Current library Shelving location Date acquired Inventory number Total Checkouts Full call number Barcode Date last seen Price effective from Koha item type
          NON-FICTION AKMAL Melaka AKMAL Melaka PINJAMAN 15.05.2017 301837   379.154 MEL 201706409 15.05.2017 15.05.2017 Book
Pusat Sumber Maklumat Dato' Haji Sarmin Md Hussin, Akademi Kastam Diraja Malaysia, Melaka
Tel: 06-2331106 | Faks: 06-2313787